000 00430pab a2200157 454500
008 180718b2015 xxu||||| |||| 00| 0 eng d
100 _aYadav, Virendra Pratap
245 _aEmergence of OBCS as dominant castes in independent India
260 _c2015
300 _ap.115-129.
362 _aJan-Mar
650 _aBackward classes - India
650 _aBackward classes
773 _aEastern Anthropologist
909 _a108977
999 _c108972
_d108972